ՀՀ Գիտությունների ազգային ակադեմիայի հիմնարար գիտական գրադարան  =   Fundamental Scientific Library of NAS RA

Реформы в Азиатской Турции : (Record no. 537971)

MARC details
000 -LEADER
fixed length control field 01865nam a2200397 a 4500
001 - CONTROL NUMBER
control field 263779
003 - CONTROL NUMBER IDENTIFIER
control field AM-YEHGA
005 - DATE AND TIME OF LATEST TRANSACTION
control field 20260311154502.0
008 - FIXED-LENGTH DATA ELEMENTS--GENERAL INFORMATION
fixed length control field 040322s1914 ru |||||r|||||001|0|rus|d
040 ## - CATALOGING SOURCE
Original cataloging agency AM-YEHGA
041 1# - LANGUAGE CODE
Language code of text/sound track or separate title rus
Language code of original fre
084 ## - OTHER CLASSIFICATION NUMBER
Classification number Т3(2АР)50 (NLA)
084 ## - OTHER CLASSIFICATION NUMBER
Classification number Т3(5Ту)53-563 (NLA)
084 ## - OTHER CLASSIFICATION NUMBER
Classification number Т3(2Ар)5-4 (NLA)
100 1# - MAIN ENTRY--PERSONAL NAME
Personal name Контансон, Людовик де,
245 10 - TITLE STATEMENT
Title Реформы в Азиатской Турции :
Remainder of title Армянский вопрос /
Statement of responsibility, etc. Людовик де-Контансон ; авториз. пер. с франц. Х.Б.
246 10 - VARYING FORM OF TITLE
Title proper/short title Армянский вопрос
246 13 - VARYING FORM OF TITLE
Title proper/short title Реформы в Азiатской Турцiи
260 ## - PUBLICATION, DISTRIBUTION, ETC.
Place of publication, distribution, etc. Москва :
Name of publisher, distributor, etc. Тип. Х.Бархударянц,
Date of publication, distribution, etc. 1914.
300 ## - PHYSICAL DESCRIPTION
Extent 44 с. ;
Dimensions 23 см.
546 ## - LANGUAGE NOTE
Language note Дореформенная орфография
650 14 - SUBJECT ADDED ENTRY--TOPICAL TERM
Topical term or geographic name entry element Всеобщая история
650 14 - SUBJECT ADDED ENTRY--TOPICAL TERM
Topical term or geographic name entry element История армянского народа
9 (RLIN) 5523
650 14 - SUBJECT ADDED ENTRY--TOPICAL TERM
Topical term or geographic name entry element История Турции
Chronological subdivision Период 1871-1917 гг.
650 14 - SUBJECT ADDED ENTRY--TOPICAL TERM
Topical term or geographic name entry element Мировая политика
650 14 - SUBJECT ADDED ENTRY--TOPICAL TERM
Topical term or geographic name entry element Международные отношения
650 14 - SUBJECT ADDED ENTRY--TOPICAL TERM
Topical term or geographic name entry element Внешняя политика Турции
650 14 - SUBJECT ADDED ENTRY--TOPICAL TERM
Topical term or geographic name entry element Внутренняя политика
Geographic subdivision Турция
650 14 - SUBJECT ADDED ENTRY--TOPICAL TERM
Topical term or geographic name entry element Национальная политика Турции
General subdivision Национальные меньшинства (расовые, языковые)
-- Армяне
650 14 - SUBJECT ADDED ENTRY--TOPICAL TERM
Topical term or geographic name entry element Национальный вопрос
General subdivision Армянский вопрос
Geographic subdivision Турция
650 14 - SUBJECT ADDED ENTRY--TOPICAL TERM
Topical term or geographic name entry element Հայկական Հարց
9 (RLIN) 4470
650 14 - SUBJECT ADDED ENTRY--TOPICAL TERM
Topical term or geographic name entry element Геноцид армян в Османской империи
Chronological subdivision Кон. 19 - нач. 20 вв.
653 0# - INDEX TERM--UNCONTROLLED
Uncontrolled term Армяне - Турция - История
700 0# - ADDED ENTRY--PERSONAL NAME
Personal name Х.Б.
Relator term пер.
Relationship trl
942 ## - ADDED ENTRY ELEMENTS (KOHA)
Source of classification or shelving scheme Universal Decimal Classification
Koha item type Գրքեր / Books
Holdings
Withdrawn status Lost status Damaged status Not for loan Collection Home library Current library Date acquired Total checkouts Full call number Barcode Date last seen Price effective from Koha item type Public note
        Kusikian Individual Collection Fundamental Scientific Library Fundamental Scientific Library 22/10/2025   Кус/4915 FL0696670 22/10/2025 22/10/2025 Գրքեր / Books ILL Non-Circ.


ՀՀ ԳԱԱ հիմնարար գիտական գրադարան
ՀՀ,Երևան 0019
Մարշալ Բաղրամյան 24/6
հեռախոս:(374-10) 52-47-50
Հետադարձ կապ

All site content, except where otherwise noted, is licensed under a
Creative Commons License